| 000 | 00494nam a2200181Ia 4500 | ||
|---|---|---|---|
| 001 | 20499 | ||
| 003 | IN-NITTTR | ||
| 005 | 20251114233234.0 | ||
| 008 | 251113s9999||||xx |||||||||||||| ||eng|| | ||
| 040 | _beng | ||
| 040 | _cIN-NITTTR | ||
| 041 | _aeng | ||
| 082 | _a428.2407 C738 | ||
| 245 | 0 |
_aComputers in English language teaching and research / _cCandlin, Chistropher N., ed., Leach, Geoffrey, ed. |
|
| 700 | _a Leach, Geoffrey | ||
| 700 | _aCandlin, Chistropher N. | ||
| 942 |
_2ddc _cBK |
||
| 999 |
_c23132 _d23132 |
||